Rimbaud o el arte de la paradoja : apuntes para una lectura de Une saison dans l’enfer

Este artículo aborda este libro de Rimbaud — más allá de las consideraciones de su naturaleza como confesión biográfica — con el fin de analizar cómo provoca al lector. Rimbaud utiliza la paradoja para crear en el lector esta respuesta. También se sugieren algunas hipótesis para una nueva lectura de...

Full description

Bibliographic Details
Main Author: Martín Hernández, José Ramiro
Format: Analitica de revista
Language:Spanish
Published: España : Anuario de Estudios Filológicos, 1996.
Subjects:
Online Access:Acceso electrónico al documento

MARC

LEADER 00000nam a22000007a 4500
008 200409s1996 spa|||| |||| 00| 0 spa d
952 |0 0  |1 0  |2 ddc  |4 0  |7 0  |8 COMP  |9 93683  |a BC  |b BC  |c General  |d 2020-04-15  |l 0  |r 2020-04-15 00:00:00  |w 2020-04-15  |y REVA  |A 170  |B LENG 
999 |c 53305  |d 53305 
040 |a UAHC  |c UAHC 
100 |9 11621  |a Martín Hernández, José Ramiro 
245 |a Rimbaud o el arte de la paradoja :  |b  apuntes para una lectura de Une saison dans l’enfer  |c Ramiro Martín. 
260 |a España :  |b Anuario de Estudios Filológicos,  |c 1996. 
300 |a p. 337-358. 
500 |a En: Anuario de estudios filológicos, vol. 19, 1996, pp. 337-358. ISSN 0210-8178. 
520 |a Este artículo aborda este libro de Rimbaud — más allá de las consideraciones de su naturaleza como confesión biográfica — con el fin de analizar cómo provoca al lector. Rimbaud utiliza la paradoja para crear en el lector esta respuesta. También se sugieren algunas hipótesis para una nueva lectura de esta obra. 
600 0 |9 11620  |a Rimbaud, Jean Nicolas Arthur  |d 1854-1891  |x Crítica e Interpretación 
650 0 |9 9394  |a Poesías francesas 
856 |u https://dialnet.unirioja.es/descarga/articulo/58884.pdf  |y Acceso electrónico al documento 
942 |2 ddc  |c REVA